LEADER 01331nam a2200253 4500 001 000000336098 003 CaOOAMICUS 005 20190830122657.0 008 190821s2000 it a 000 u ita r 040 $aSeMil$bita 245 10$aBernardino Luini e la pittura del Rinascimento a Milano :$bgli affreschi di San Maurizio al Monastero Maggiore /$ca cura di Sandrina Bandera e Maria Teresa Fiorio. 264 1$a[Milano] :$bBanca Popolare di Milano,$c2000. 300 $a318 p. :$bill. ;$c29 cm 600 14$aLuini, Bernardino .$0(OLS)http://semarc/subject/12486 650 4$aMilano - Chiese - San Maurizio al Monastero Maggiore.$0(OLS)http://semarc/subject/44981 650 4$aPittura - Rinascimento - Milano.$0(OLS)http://semarc/subject/48686 700 1 $aBandera, Sandrina.$0(OLS)http://semarc/name/19512 700 1 $aFiorio, Maria Teresa.$0(OLS)http://semarc/name/7888 850 $aSeMil 852 $aSeMil$W1$xVenegono$y1$m5Q VII 9$j220486$B227929$CSeMilBibl$Z2$F227929 $8I 961 $aAntonelli don Mario - Omaggio 996 $6245$aBernardino Luini e la pittura del Rinascimento a Milano :$bgli affreschi di San Maurizio al Monastero Maggiore$9(OLS)http://semarc/title/425392 996 $6264$a[Milano] :$bBanca Popolare di Milano$9(OLS)http://semarc/publisher/41175 LEADER 01392nam a2200277 i 4500 001 000000037148 003 CaOOAMICUS 005 20100917000000.0 008 100917s1991 gw u000 u ger u 013 $a7372 020 $a3-05-000563-7 040 $aSeMil$bita 245 10$aApostelgeschichte 1,1-15,3 im mittelägyptischen Dialekt des Koptischen (codex Glazier) /$cHerausgegeben von Hans Martin Schenke. 260 $aBerlin :$bAkademie Verlag,$ccopyr. 1991. 300 $aXVI, 251 p., [18] p. di tav. ;$c24 cm. 490 0 $aTexte und Untersuchungen zur Geschichte der altchristlichen Literatur ;$vBand137 650 4$aLetteratura cristiana antica.$0(OLS)http://semarc/subject/1197 650 4$aPatristica - Testi.$0(OLS)http://semarc/subject/0 700 1 $aSchenke, Hans Martin,$d<1929-2002>.$0(OLS)http://semarc/name/17662 830 0$aTexte und Untersuchungen zur Geschichte der altchristlichen Literatur ;$vBand137.$0(OLS)http://semarc/title/199 850 $aSeMil 852 $aSeMil$W1$xVenegono$y1$m2U IV 234$j3303$B3303$CSeMilBibl$Z2$F3303 $81 961 $aAcquisto: Casa editrice 996 $6020$a3-05-000563-7$9(OLS)http://semarc/number/6045 996 $6245$aApostelgeschichte 1,1-15,3 im mittelägyptischen Dialekt des Koptischen (codex Glazier)$9(OLS)http://semarc/title/51863 996 $6260$aBerlin :$bAkademie Verlag$9(OLS)http://semarc/publisher/29687